• 首页
  • 本馆介绍
  • 公告通知
  • 最新文献
  • 馆藏检索
  • 电子资源
  • 读者导购
  • 参考咨询
  • 我的图书馆
  • 登录
  • 详细信息显示
  • 放入我的书架
  • 预约/预借图书
  • 作者相关作品
  • 分类相关作品
  • 丛书相关作品
  • 出版社相关作品

书目信息

  • 表格格式
  • 工作单格式
  • 卡片格式
题名:
心理学与经济
    
 
作者: 品墨 编著
分册:  
出版信息: 北京   中国商业出版社  2021.02
页数: 184页
开本: 21cm
丛书名:
单 册:
中图分类: B84-49 , F0-49
科图分类:
主题词: 心理学--xin li xue--通俗读物 , 经济学--jing ji xue--通俗读物
电子资源:
ISBN: 978-7-5208-1461-4
000 00810nam0 2200265 450
001 012001003280
005 20140203142105.0
010    @a978-7-5208-1461-4@dCNY36.00
099    @aCAL 012022020762
100    @a20220905d2021 em y0chiy50 ea
101 0  @achi
102    @aCN@b110000
105    @ay z 000yy
106    @ar
200 1  @a心理学与经济@Axin li xue yu jing ji@f品墨编著
210    @a北京@c中国商业出版社@d2021.02
215    @a184页@d21cm
330    @a本书运用心理学解读人的经济行为,剖析社会经济现象,涉及心理学、经济学和消费者行为学的跨学科研究。
606 0  @a心理学@Axin li xue@j通俗读物
606 0  @a经济学@Ajing ji xue@j通俗读物
690    @aB84-49@v5
690    @aF0-49@v5
701  0 @a品墨@Apin mo@4编著
801  0 @aCN@bAHXH@c20221111
905    @b1375951-5@dB84-49@e4505@f5
    
    心理学与经济/品墨编著.-北京:中国商业出版社,2021.02
    184页;21cm
    
    
    ISBN 978-7-5208-1461-4:CNY36.00
    本书运用心理学解读人的经济行为,剖析社会经济现象,涉及心理学、经济学和消费者行为学的跨学科研究。
●
相关链接 在E读中查询图书 在五车中查询图书 在当当中查询图书 在豆瓣中查询图书


正题名:心理学与经济     索取号:B84-49/4505         预约/预借

序号 登录号 条形码 馆藏地/架位号 状态 备注
1 1375951   213759510   第一样本阅览室/ [索取号:B84-49/4505] 在馆    
2 1375952   213759529   教育系资料室/ [索取号:B84-49/4505] 在馆    
3 1375953   213759538   教育系资料室/ [索取号:B84-49/4505] 在馆    
4 1375954   213759547   第一借阅区/ [索取号:B84-49/4505] 在馆    
5 1375955   213759556   第一借阅区/ [索取号:B84-49/4505] 在馆    
唐山师范学院图书馆 欢迎您!
大连网信软件有限公司© 版权所有